000 00929cam a2200253 a 4500
005 20191224042310.0
008 930416s1992 ck r 00010 spa d
020 _a9589061664
040 _ala
_cla
_dCO-BoIAVH
041 0 _aspa
044 _ack
082 0 4 _a363.70062
_bD43m
245 0 0 _aDerecho y medio ambiente /
_cditado por Marta Cárdenas y Hernán Darío Correa C.
260 _aBogotá :
_bCorporación Ecológica y Cultural Penca de Sábila :
_bFescol :
_bCerec,
_c1992.
300 _a298 páginas ;
_c21 x 14 cm.
650 2 6 _aControl ambiental
_zColombia
650 2 6 _aMedio ambiente
_zColombia
650 2 6 _aPolítica ambiental
_zColombia
650 2 6 _aProtección ambiental
_zColombia
650 2 6 _aLegislación medioambiental
_zColombia
700 1 _aCárdenas, Martha
_eeditora
700 1 _aCorrea C., Hernán Darío
_eeditor
942 _2ddc
_cLIBRO
999 _c19010
_d19010